| Tag |
First Indicator |
Second Indicator |
Subfields |
| LEADER |
00000cam a2200000 a 4500 |
| 001 |
in00000024025 |
| 005 |
20151007055620.0 |
| 008 |
880224s1988 nyua bf 00110 eng |
| 010 |
|
|
|a 88005496
|
| 020 |
|
|
|a 0471852473
|
| 035 |
|
|
|a (OCoLC)17622092
|
| 035 |
|
|
|9 AAB8725AM
|
| 040 |
|
|
|a DLC
|c DLC
|d UtOrBLW
|
| 043 |
|
|
|a n-us---
|
| 049 |
|
|
|a TXAM
|c [A11089975]
|
| 050 |
0 |
0 |
|a HD3861.U6
|b K36 1988
|
| 082 |
0 |
|
|a 658.7/23
|2 19
|
| 100 |
1 |
|
|a Kaplan, Marshall H.
|
| 245 |
1 |
0 |
|a Acquiring major systems contracts :
|b bidding methods and winning strategies /
|c Marshall H. Kaplan.
|
| 264 |
|
1 |
|a New York :
|b Wiley,
|c [1988]
|
| 264 |
|
4 |
|c ©1988
|
| 300 |
|
|
|a xii, 233 pages :
|b illustrations ;
|c 24 cm.
|
| 336 |
|
|
|a text
|b txt
|2 rdacontent
|
| 337 |
|
|
|a unmediated
|b n
|2 rdamedia
|
| 338 |
|
|
|a volume
|b nc
|2 rdacarrier
|
| 500 |
|
|
|a "A Wiley-Interscience publication."
|
| 500 |
|
|
|a Includes index.
|
| 650 |
|
0 |
|a Letting of contracts
|z United States
|x Handbooks, manuals, etc.
|
| 650 |
|
0 |
|a Public contracts
|z United States
|x Handbooks, manuals, etc.
|
| 999 |
|
|
|a MARS
|
| 999 |
f |
f |
|s 70a02124-0823-39ad-905e-38e832c660d9
|i 57e4db76-004f-3a6a-add6-b141ec57f071
|t 0
|
| 952 |
f |
f |
|p ric
|a Texas A&M University
|b Rellis Campus
|c Joint Library Facility
|d Remote Storage
|t 0
|e HD3861.U6 K36 1988
|h Library of Congress classification
|i unmediated -- volume
|m A14811089975
|
| 998 |
f |
f |
|a HD3861.U6 K36 1988
|t 0
|l Remote Storage
|